Films sur la Seconde Guerre mondiale (Vol.2) - Statistiques

Statistiques générales
  • Ce quiz a été pris 28 fois
  • Le résultat moyen est 6 sur 20
Statistiques - réponses
Par images Réponse % Correct
La Grande évasion
77%
La Vache et le prisonnier
73%
Le Jour le plus long
59%
Un Taxi pour Tobrouk
59%
Les Douze salopards
41%
Les Morfalous
41%
Week-end à Zuydcoote
41%
Un pont trop loin
36%
De l'or pour les braves
27%
Quand les aigles attaquent
27%
Le Viager
23%
La Grande bagarre de Don Camillo
18%
Babette s'en va-t-en guerre
14%
Paris brûle-t-il ?
14%
La Ciociara
9%
La Colline des hommes perdus
9%
Uranus
9%
Cinquième colonne
5%
Mon ami le traitre
5%
Pie XII sous le ciel de Rome
5%
Aucun quiz correspondant
Distribution des résultats
% des personnes avec chaque résultat
Percentile par nombre de réponses
Votre historique - résultats
Vous n’avez pas pris ce quiz